[Event "6.Città di  Padova Open A"]
[Site "Padova Fornace Carotta"]
[Date "2003.12.20"]
[Round "8.14"]
[White "Smirnov, Vladimir"]
[Black "Giordan, Daniele"]
[Result "0-1"]
[WhiteElo "1300"]
[BlackElo "1569"]
[Annotator "Gabriele Ballarin"]
[PlyCount "80"]
[EventDate "2003.12.13"]
[EventType "swiss"]
[EventRounds "9"]
[EventCountry "ITA"]

1. e4 d6 2. d4 Nf6 3. Nc3 g6 4. Be3 c6 5. Be2 b5 6. Nf3 b4 7. Na4 Nxe4 8. O-O Bg7 9. Bd3 Nf6 10. Qd2 Bg4 11. Ng5 h6 12. Ne4 Nxe4 13. Bxe4 a5 14. f3 Be6 15. Rfd1 Bc4 16. Re1 d5 17. Bd3 Bxd3 18. Qxd3 O-O 19. Qd2 Kh7 20. Rf1 Nd7 21. f4 Nf6 22. f5 Ne4 23. Qd3 g5 24. Nc5 Nxc5 25. dxc5 Bxb2 26. f6+ Kg8 27. Rf3 Bxf6 28. Rh3 Kg7 29. Qe2 d4 30. Qh5 Rh8 31. Bd2 Qd5 32. Rf1 Raf8 33. Qe2 Qxc5 34. Rhf3 d3+ 35. Qf2 Qxf2+ 36. R3xf2 Bd4 37. cxd3 Rd8 38. a3 Bxf2+ 39. Rxf2 Rxd3 40. axb4 Rhd8 0-1

[Event "6.Città di  Padova Open A"]
[Site "Padova Fornace Carotta"]
[Date "2003.12.21"]
[Round "9.1"]
[White "Cardili, Mariano"]
[Black "Dervishi, Erald"]
[Result "0-1"]
[WhiteElo "1900"]
[BlackElo "2495"]
[Annotator "Gabriele Ballarin"]
[PlyCount "126"]
[EventDate "2003.12.13"]
[EventType "swiss"]
[EventRounds "9"]
[EventCountry "ITA"]

1. d4 Nf6 2. c4 e6 3. Nc3 d5 4. Bg5 Be7 5. e3 O-O 6. Nf3 Nbd7 7. Rc1 a6 8. a3 c6 9. Bd3 dxc4 10. Bxc4 Nd5 11. Bxe7 Qxe7 12. O-O Nxc3 13. Rxc3 e5 14. Nxe5 Nxe5 15. dxe5 Qxe5 16. f4 Qe4 17. Qe2 Bf5 18. Bd3 Qd5 19. Bxf5 Qxf5 20. e4 Qb5 21. Qxb5 axb5 22. Rd1 Rfd8 23. Rcd3 Rxd3 24. Rxd3 Kf8 25. Rd7 Ra4 26. Rxb7 Rxe4 27. Rc7 Rc4 28. b4 g6 29. g3 Rc2 30. Ra7 h5 31. h3 Kg7 32. Ra6 Rc4 33. Kf2 h4 34. gxh4 Rxf4+ 35. Kg3 Rc4 36. Ra8 Kf6 37. Ra7 Ke6 38. Ra8 Kf5 39. Ra7 f6 40. Ra6 Rc3+ 41. Kg2 Ke5 42. Ra5 Rc4 43. Kg3 f5 44. Ra8 Rc3+ 45. Kg2 Kf6 46. Rf8+ Kg7 47. Ra8 f4 48. Ra5 Rg3+ 49. Kh2 Rb3 50. Ra6 Rb2+ 51. Kg1 Rc2 52. a4 Kh6 53. axb5 cxb5 54. Rb6 Kh5 55. Rxb5+ Kxh4 56. Rc5 Re2 57. b5 f3 58. Kf1 g5 59. Rf5 g4 60. hxg4 Kg3 61. b6 Ra2 62. Rxf3+ Kxf3 63. Ke1 Rb2 0-1

[Event "6.Città di  Padova Open A"]
[Site "Padova Fornace Carotta"]
[Date "2003.12.21"]
[Round "9.3"]
[White "Efimov, Igor"]
[Black "Laketic, Gojko"]
[Result "1-0"]
[WhiteElo "2497"]
[BlackElo "2399"]
[Annotator "Gabriele Ballarin"]
[PlyCount "111"]
[EventDate "2003.12.13"]
[EventType "swiss"]
[EventRounds "9"]
[EventCountry "ITA"]

1. e4 c5 2. Nf3 Nc6 3. d4 cxd4 4. Nxd4 g6 5. Nc3 Bg7 6. Be3 Nf6 7. f3 O-O 8. Qd2 d5 9. exd5 Nxd5 10. Nxc6 bxc6 11. Bd4 e5 12. Bc5 Nxc3 13. bxc3 Be6 14. Bd3 Re8 15. O-O Qa5 16. Bb4 Qb6+ 17. Qf2 Bf8 18. Bxf8 Qxf2+ 19. Kxf2 Kxf8 20. Rfb1 Rab8 21. Rb4 c5 22. Ra4 Rb2 23. c4 Rd8 24. Ke3 Bf5 25. Rd1 Rd4 26. Rd2 Bxd3 27. cxd3 Rb7 28. Ra5 Rc7 29. Rb2 h5 30. Rbb5 Rcd7 31. Rb3 Rc7 32. g3 Rd6 33. h4 a6 34. Raa3 Ke7 35. Rb8 Rcc6 36. Rab3 Rd7 37. a4 f5 38. a5 Rf6 39. Rc8 f4+ 40. Kf2 fxg3+ 41. Kxg3 Rfd6 42. Rxc5 Rxd3 43. Rxe5+ Kf6 44. Rxd3 Rxd3 45. Rd5 Rc3 46. Rd6+ Kf5 47. Rc6 Rc2 48. Rc5+ Ke6 49. Rc6+ Kf5 50. Rc8 Ke5 51. Rc7 Rc1 52. Rc5+ Kd4 53. Rc6 Ra1 54. Rxa6 Kxc4 55. Kf4 Rg1 56. Re6 1-0

[Event "6.Città di  Padova Open A"]
[Site "Padova Fornace Carotta"]
[Date "2003.12.21"]
[Round "9.5"]
[White "Quaranta, Cristiano"]
[Black "Rigo, Gianfrancesco"]
[Result "1-0"]
[WhiteElo "1942"]
[BlackElo "2059"]
[Annotator "Gabriele Ballarin"]
[PlyCount "29"]
[EventDate "2003.12.13"]
[EventType "swiss"]
[EventRounds "9"]
[EventCountry "ITA"]

1. d4 Nf6 2. Bg5 Ne4 3. Bf4 c5 4. d5 d6 5. f3 Nf6 6. c4 g6 7. e4 Bg7 8. Nc3 Nh5 9. Bd2 e6 10. Be3 exd5 11. Qxd5 Nc6 12. O-O-O Qa5 13. Nge2 Nb4 14. Qxd6 Nxa2+ 15. Nxa2 1-0

[Event "6.Città di  Padova Open A"]
[Site "Padova Fornace Carotta"]
[Date "2003.12.21"]
[Round "9.6"]
[White "Sartori, Spartaco"]
[Black "Fragni, Enrico"]
[Result "1-0"]
[WhiteElo "2177"]
[BlackElo "1447"]
[Annotator "Gabriele Ballarin"]
[PlyCount "53"]
[EventDate "2003.12.13"]
[EventType "swiss"]
[EventRounds "9"]
[EventCountry "ITA"]

1. c4 c6 2. Nc3 d6 3. d4 Qc7 4. g3 e5 5. Bg2 a6 6. Nf3 Bg4 7. O-O Nd7 8. h3 Bxf3 9. exf3 Be7 10. Re1 O-O-O 11. dxe5 dxe5 12. Qc2 Bc5 13. f4 f6 14. Rb1 Ne7 15. b4 Bd4 16. Ne2 Ba7 17. c5 b5 18. cxb6 Bxb6 19. Nc3 h5 20. a4 h4 21. g4 Rhe8 22. b5 axb5 23. axb5 Nd5 24. bxc6 Nxc3 25. cxd7+ Rxd7 26. Rxb6 Ne2+ 27. Rxe2 1-0

[Event "6.Città di  Padova Open A"]
[Site "Padova Fornace Carotta"]
[Date "2003.12.21"]
[Round "9.7"]
[White "Opacic, Alexandar"]
[Black "Antoniacci, Riccardo"]
[Result "1-0"]
[WhiteElo "2088"]
[BlackElo "2041"]
[Annotator "Gabriele Ballarin"]
[PlyCount "60"]
[EventDate "2003.12.13"]
[EventType "swiss"]
[EventRounds "9"]
[EventCountry "ITA"]

1. e4 c5 2. Nf3 Nc6 3. d4 cxd4 4. Nxd4 g6 5. Nc3 Bg7 6. Be3 Nf6 7. f4 d6 8. Be2 O-O 9. O-O Bd7 10. Qd2 Nxd4 11. Bxd4 Bc6 12. Bf3 Qc7 13. Kh1 b5 14. a3 a5 15. Rae1 Rfd8 16. Nd5 Bxd5 17. exd5 Rdc8 18. c3 Rab8 19. Re2 Qb7 20. Rfe1 Rc7 21. Qd3 Bh6 22. f5 Bg7 23. fxg6 hxg6 24. Qd2 Ne8 25. Bxg7 Nxg7 26. Be4 f5 27. Bf3 Kf7 28. Qg5 Re8 29. Re6 Rg8 30. Qxg6+ Kf8 {Nur} 1-0

[Event "6.Città di  Padova Open A"]
[Site "Padova Fornace Carotta"]
[Date "2003.12.21"]
[Round "9.9"]
[White "Contini, Davide"]
[Black "Logallo, Claudio"]
[Result "1-0"]
[WhiteElo "1860"]
[BlackElo "2045"]
[Annotator "Gabriele Ballarin"]
[PlyCount "55"]
[EventDate "2003.12.13"]
[EventType "swiss"]
[EventRounds "9"]
[EventCountry "ITA"]

1. e4 c5 2. Nf3 d6 3. d4 cxd4 4. Nxd4 Nf6 5. Nc3 a6 6. Bg5 e6 7. Qd2 Be7 8. O-O-O Qc7 9. f4 Nbd7 10. Be2 b5 11. e5 dxe5 12. fxe5 Qxe5 13. Bf4 Qc5 14. Bf3 Ra7 15. Nc6 Rb7 16. Nxe7 Qxe7 17. Bxb7 Bxb7 18. Bd6 Qd8 19. Kb1 Bd5 20. Nxd5 Nxd5 21. Rhe1 N7b6 22. Bc5 Qc7 23. Bxb6 Nxb6 24. Qd6 Na8 25. Rxe6+ fxe6 26. Qxe6+ Qe7 27. Qc6+ Kf7 28. Rf1+ 1-0

[Event "6.Città di  Padova Open A"]
[Site "Padova Fornace Carotta"]
[Date "2003.12.21"]
[Round "9.10"]
[White "Navarro, Emanuele"]
[Black "Cedriano, Filippo"]
[Result "1-0"]
[WhiteElo "2178"]
[BlackElo "1825"]
[Annotator "Gabriele Ballarin"]
[PlyCount "61"]
[EventDate "2003.12.13"]
[EventType "swiss"]
[EventRounds "9"]
[EventCountry "ITA"]

1. e4 c6 2. d4 d5 3. exd5 cxd5 4. c4 Nf6 5. Nc3 Nc6 6. Nf3 Bg4 7. Be3 dxc4 8. Bxc4 e6 9. O-O Be7 10. d5 exd5 11. Nxd5 Nxd5 12. Qxd5 O-O 13. h3 Be6 14. Qxd8 Nxd8 15. Rac1 Bxc4 16. Rxc4 Nc6 17. Rfc1 Bf6 18. b4 a6 19. a4 Rac8 20. b5 axb5 21. axb5 Ne7 22. Rc7 Rxc7 23. Rxc7 Nd5 24. Rxb7 Nxe3 25. fxe3 Rc8 26. Nd4 Bxd4 27. exd4 Kf8 28. b6 g6 29. Rc7 Rb8 30. b7 Kg7 31. d5 1-0

[Event "6.Città di  Padova Open A"]
[Site "Padova Fornace Carotta"]
[Date "2003.12.21"]
[Round "9.11"]
[White "Canazza, Alessandro"]
[Black "Giordan, Daniele"]
[Result "0-1"]
[WhiteElo "1594"]
[BlackElo "1569"]
[Annotator "Gabriele Ballarin"]
[PlyCount "80"]
[EventDate "2003.12.13"]
[EventType "swiss"]
[EventRounds "9"]
[EventCountry "ITA"]

1. c4 c6 2. Nf3 Nf6 3. Nc3 d5 4. e3 Bg4 5. Qb3 Qb6 6. Qxb6 axb6 7. cxd5 Bxf3 8. gxf3 Nxd5 9. Nxd5 cxd5 10. a3 g6 11. d4 Bg7 12. Bb5+ Nc6 13. Bd2 O-O 14. Rc1 Rac8 15. O-O e5 16. dxe5 Nxe5 17. Kg2 Nc4 18. Bxc4 Rxc4 19. Bb4 Rfc8 20. Rxc4 dxc4 21. Rb1 Rd8 22. Bc3 Rd3 23. Bxg7 Kxg7 24. Rc1 b5 25. Rc3 Kf6 26. Rc2 Ke6 27. Kg3 Kd6 28. Kf4 f6 29. Ke4 Kc5 30. f4 b4 31. axb4+ Kxb4 32. f5 g5 33. f4 g4 34. Rg2 h5 35. h3 gxh3 36. Rh2 Kb3 37. Re2 Rd1 38. Rh2 b5 39. Rxh3 Kxb2 40. Rxh5 c3 0-1

[Event "6.Città di  Padova Open A"]
[Site "Padova Fornace Carotta"]
[Date "2003.12.21"]
[Round "9.12"]
[White "Roberti, Ignazio"]
[Black "Rizzo, Giuseppe"]
[Result "1/2-1/2"]
[WhiteElo "1990"]
[BlackElo "1503"]
[Annotator "Gabriele Ballarin"]
[PlyCount "78"]
[EventDate "2003.12.13"]
[EventType "swiss"]
[EventRounds "9"]
[EventCountry "ITA"]

1. e4 Nf6 2. e5 Nd5 3. d4 d6 4. Nf3 dxe5 5. Nxe5 c6 6. Be2 Bf5 7. O-O Nd7 8. Nf3 e6 9. Nc3 Bd6 10. Nxd5 exd5 11. Be3 O-O 12. c3 Bc7 13. Bg5 f6 14. Be3 b5 15. Nh4 Be6 16. Bd3 f5 17. Qh5 Nf6 18. Qg5 Ng4 19. g3 Nxe3 20. Qxe3 Qf6 21. f4 Rae8 22. Nf3 h6 23. Rae1 g6 24. Ne5 Bc8 25. Qf3 h5 26. Re2 Re6 27. Rfe1 Rfe8 28. h3 Rf8 29. Rf1 Bxe5 30. Rxe5 Rxe5 31. fxe5 Qe7 32. g4 hxg4 33. hxg4 Qg5 34. Rf2 Be6 35. Kf1 Qc1+ 36. Kg2 Qg5 37. Kg3 f4+ 38. Kh2 Qh4+ 39. Kg1 g5 1/2-1/2

[Event "6.Città di  Padova Open A"]
[Site "Padova Fornace Carotta"]
[Date "2003.12.21"]
[Round "9.14"]
[White "Rossi, Damiano"]
[Black "Adami, Igor"]
[Result "1-0"]
[WhiteElo "2027"]
[BlackElo "1500"]
[Annotator "Gabriele Ballarin"]
[PlyCount "55"]
[EventDate "2003.12.13"]
[EventType "swiss"]
[EventRounds "9"]
[EventCountry "ITA"]

1. d4 d5 2. c4 c6 3. Nc3 Nf6 4. Nf3 Bf5 5. e3 e6 6. cxd5 cxd5 7. Qb3 Qc7 8. Bd2 Nc6 9. Rc1 Bd6 10. Nb5 Qd7 11. Nxd6+ Qxd6 12. Qxb7 Rb8 13. Qxc6+ Qxc6 14. Rxc6 O-O 15. b4 Rfc8 16. Rxc8+ Rxc8 17. Ba6 Rc2 18. O-O Rxa2 19. Rc1 Rc2 20. Rxc2 Bxc2 21. Ne5 Kf8 22. Nc6 Ke8 23. Nxa7 Kd7 24. b5 Kc7 25. Ba5+ Kb8 26. Nc6+ Ka8 27. b6 Ba4 28. b7# 1-0

[Event "64..ITA Provinciale VE"]
[Site "Venezia Canal ITA"]
[Date "2004.01.31"]
[Round "1.3"]
[White "Franco, Leopoldo"]
[Black "Ballarin, Gabriele"]
[Result "0-1"]
[WhiteElo "1300"]
[BlackElo "1639"]
[Annotator "Gabriele Ballarin"]
[PlyCount "128"]
[EventDate "2004.01.31"]
[EventType "swiss"]
[EventRounds "6"]
[EventCountry "ITA"]
[SourceTitle "Inf 22"]

1. d4 e6 2. c4 Nf6 3. Nf3 b6 4. Nc3 Bb7 5. Bg5 Be7 6. e3 h6 7. Bxf6 Bxf6 8. Be2 O-O 9. O-O d6 10. Ne1 Nd7 11. f4 e5 12. Bf3 Bxf3 13. Nxf3 Re8 14. fxe5 dxe5 15. Ne4 exd4 16. Nxf6+ Nxf6 17. exd4 Qd6 18. d5 c6 19. dxc6 Qxc6 20. b3 Rad8 21. Qc2 Re7 22. Rad1 Rde8 23. Kh1 Ne4 24. Rd5 Qg6 25. Qd3 Qf6 26. Kg1 Qb2 27. a4 Nc5 28. Qb1 Qxb3 29. Qxb3 Nxb3 30. Rb1 Re3 31. Rd7 a5 32. Rb7 R8e6 33. c5 Nxc5 34. R7xb6 Nxa4 35. Rb8+ Kh7 36. Ra1 Nc5 37. Rxa5 Nd3 38. Ra1 g5 39. h3 Nf4 40. Rb2 Nxh3+ 41. gxh3 Rxf3 42. Kg2 Ree3 43. Rf2 Rxf2+ 44. Kxf2 Rxh3 45. Ra7 Kg6 46. Ra8 h5 47. Kg2 Re3 48. Rg8+ Kf5 49. Kf2 Re4 50. Kf3 f6 51. Ra8 h4 52. Ra5+ Re5 53. Ra1 g4+ 54. Kg2 Kg5 55. Ra8 h3+ 56. Kg3 Re3+ 57. Kf2 Kf4 58. Ra4+ Re4 59. Ra1 g3+ 60. Kg1 Kg4 61. Rf1 h2+ 62. Kh1 Kh3 63. Rg1 Re1 64. Rxe1 g2# 0-1

[Event "64..ITA Provinciale VE"]
[Site "Venezia Canal ITA"]
[Date "2004.??.??"]
[Round "2"]
[White "Biagioli, Valerio"]
[Black "Gomez de Ayala, Paolo"]
[Result "1-0"]
[WhiteElo "1507"]
[BlackElo "1668"]
[Annotator "Gabriele Ballarin"]
[PlyCount "75"]
[EventDate "2004.01.31"]
[EventType "swiss"]
[EventRounds "6"]
[EventCountry "ITA"]

1. d4 f5 2. c4 Nf6 3. Nc3 g6 4. Bg5 Bg7 5. Nf3 d6 6. e4 fxe4 7. Bxf6 exf6 8. Nxe4 O-O 9. Be2 Re8 10. Nc3 Nd7 11. O-O c6 12. Re1 f5 13. Qd2 Nf6 14. Bd3 Bd7 15. Rxe8+ Qxe8 16. Re1 Qf8 17. h3 Bh6 18. Ng5 Re8 19. f4 Re7 20. Kf2 Qe8 21. g3 Bxg5 22. Rxe7 Qxe7 23. fxg5 Ne4+ 24. Bxe4 fxe4 25. Qe3 Bxh3 26. Nxe4 Kg7 27. Qf4 d5 28. cxd5 cxd5 29. Nf6 Be6 30. Qe5 Qf7 31. Ke3 Kf8 32. Nxh7+ Qxh7 33. Qxe6 Qe7 34. Qe5 Qxe5+ 35. dxe5 Ke7 36. Kd4 Ke6 37. a4 a6 38. a5 1-0

[Event "64..ITA Provinciale VE"]
[Site "Venezia Canal ITA"]
[Date "2004.??.??"]
[Round "2"]
[White "Tonolo, Maurizio"]
[Black "Velluti, Alberto"]
[Result "0-1"]
[WhiteElo "1670"]
[BlackElo "1635"]
[Annotator "Gabriele Ballarin"]
[PlyCount "62"]
[EventDate "2004.01.31"]
[EventType "swiss"]
[EventRounds "6"]
[EventCountry "ITA"]
[SourceTitle "Inf 22"]

1. d4 d5 2. Nf3 Nf6 3. g3 c6 4. Bg2 Bf5 5. O-O Qc8 6. Re1 Bh3 7. Bh1 h5 8. Nbd2 h4 9. e4 hxg3 10. fxg3 e6 11. c3 Be7 12. a3 Nbd7 13. b4 c5 14. bxc5 Nxc5 15. exd5 Nd3 16. Nb1 Nxe1 17. Qxe1 Nxd5 18. Ra2 Qc4 19. Rb2 Rb8 20. Ne5 Qc7 21. Qf2 Bf6 22. Bxd5 Bxe5 23. Re2 Bd6 24. Bd2 Qe7 25. Bg2 Bxg2 26. Kxg2 b6 27. c4 Rc8 28. Qf3 Qd7 29. d5 e5 30. Bf4 Rxc4 31. Bxe5 Qh3+ 0-1

[Event "64..ITA Provinciale VE"]
[Site "Venezia Canal ITA"]
[Date "2004.02.01"]
[Round "2.2"]
[White "Ballarin, Gabriele"]
[Black "Chiesa, Roberto"]
[Result "1-0"]
[WhiteElo "1639"]
[BlackElo "1500"]
[Annotator "Gabriele Ballarin"]
[PlyCount "55"]
[EventDate "2004.01.31"]
[EventType "swiss"]
[EventRounds "6"]
[EventCountry "ITA"]
[SourceTitle "Inf 22"]

1. e4 e6 2. d4 d5 3. Nc3 Bb4 4. e5 c5 5. a3 Ba5 6. b4 cxd4 7. Qg4 Ne7 8. bxa5 dxc3 9. Qxg7 Rg8 10. Qxh7 Nbc6 11. f4 Bd7 12. Qd3 Qxa5 13. Ne2 O-O-O 14. Qxc3 Qa4 15. Rb1 Kb8 16. Qb3 Qxb3 17. Rxb3 Nf5 18. h4 Na5 19. Rbh3 d4 20. h5 Bc6 21. Rg1 Rg4 22. h6 Rh8 23. h7 Rh4 24. Rxh4 Nxh4 25. Nxd4 Rxh7 26. Bd2 Nxg2+ 27. Bxg2 Bxg2 28. Bxa5 1-0

[Event "64..ITA Provinciale VE"]
[Site "Venezia Canal ITA"]
[Date "2004.??.??"]
[Round "3"]
[White "Gomez de Ayala, Paolo"]
[Black "Velluti, Alberto"]
[Result "0-1"]
[WhiteElo "1665"]
[BlackElo "1635"]
[Annotator "Gabriele Ballarin"]
[PlyCount "106"]
[EventDate "2004.01.31"]
[EventType "swiss"]
[EventRounds "6"]
[EventCountry "ITA"]
[SourceTitle "Inf 22"]

1. c4 e5 2. Nc3 b6 3. Nf3 Nc6 4. e3 Bb7 5. d4 exd4 6. exd4 d6 7. Be2 Nf6 8. O-O g6 9. a3 Bg7 10. h3 O-O 11. d5 Ne7 12. Bf4 Re8 13. Qd2 Ba6 14. Rad1 Nd7 15. g4 Ne5 16. Nxe5 Bxe5 17. Bg5 f6 18. Bh6 f5 19. f4 Bg7 20. Bxg7 Kxg7 21. Qd4+ Kf7 22. g5 Ng8 23. Rde1 Qd7 24. h4 Kf8 25. h5 Qg7 26. Qd3 Re7 27. h6 Qf7 28. Bd1 Rxe1 29. Rxe1 Re8 30. Rxe8+ Qxe8 31. Kf2 Qe7 32. Qd4 Bb7 33. Ba4 Bc8 34. Bc6 Bd7 35. Qg7+ Qxg7 36. hxg7+ Ke7 37. Nb5 Bxc6 38. dxc6 Kd8 39. Nxa7 h5 40. Nb5 Ne7 41. Nd4 Ke8 42. b4 Kf7 43. b5 d5 44. cxd5 Nxd5 45. Ne6 Kg8 46. Kg3 Kf7 47. a4 Kg8 48. a5 bxa5 49. Nxc7 Nb6 50. Ne6 a4 51. c7 a3 52. Nd4 a2 53. Nb3 Kxg7 0-1

[Event "64..ITA Provinciale VE"]
[Site "Venezia Canal ITA"]
[Date "2004.??.??"]
[Round "3"]
[White "Tamburrini, Pierluigi"]
[Black "Biagioli, Valerio"]
[Result "1/2-1/2"]
[WhiteElo "1600"]
[BlackElo "1507"]
[Annotator "Gabriele Ballarin"]
[PlyCount "94"]
[EventDate "2004.01.31"]
[EventType "swiss"]
[EventRounds "6"]
[EventCountry "ITA"]

1. e4 e6 2. d4 d5 3. exd5 exd5 4. Bd3 Bd6 5. Nf3 Ne7 6. O-O f6 7. c4 c6 8. Re1 O-O 9. Qc2 h6 10. b3 Na6 11. a3 b6 12. Nc3 c5 13. Nb5 Bb7 14. Nxd6 Qxd6 15. Bb2 Rac8 16. Nh4 Rfe8 17. Bh7+ Kf7 18. Re2 dxc4 19. Rae1 cxd4 20. Bg6+ Kf8 21. Nf5 d3 22. Nxd6 dxc2 23. Nxe8 Nxg6 24. Nd6 Ne5 25. Nxc8 Bxc8 26. Bxe5 fxe5 27. bxc4 Bf5 28. Rxe5 Bg6 29. Re7 Nc5 30. R7e3 Nd3 31. Rxd3 Bxd3 32. Rc1 Ke7 33. f4 Kd6 34. Kf2 Kc5 35. Ke3 Kxc4 36. Kd2 b5 37. Re1 a5 38. g4 b4 39. axb4 axb4 40. Re7 Kb3 41. Kc1 g6 42. Rc7 Bc4 43. f5 gxf5 44. gxf5 Kc3 45. f6 b3 46. Rxc4+ Kxc4 47. Kb2 Kd3 1/2-1/2

[Event "64..ITA Provinciale VE"]
[Site "Venezia Canal ITA"]
[Date "2004.02.01"]
[Round "3.1"]
[White "Zanetto, Marco"]
[Black "Ballarin, Gabriele"]
[Result "0-1"]
[WhiteElo "1530"]
[BlackElo "1639"]
[Annotator "Gabriele Ballarin"]
[PlyCount "66"]
[EventDate "2004.01.31"]
[EventType "swiss"]
[EventRounds "6"]
[EventCountry "ITA"]
[SourceTitle "Inf 22"]

1. e4 c5 2. Nf3 e6 3. c3 d5 4. exd5 Qxd5 5. d4 cxd4 6. Qxd4 Nf6 7. Qxd5 Nxd5 8. Bb5+ Bd7 9. Bd3 Nc6 10. O-O Rc8 11. a3 Bd6 12. Re1 O-O 13. c4 Nf6 14. Be3 Ng4 15. Nbd2 Nxe3 16. Rxe3 Rfd8 17. b4 f6 18. Bf1 Ne5 19. c5 Nxf3+ 20. Nxf3 Bf4 21. Rd3 Ba4 22. Nd4 Be5 23. Re1 Rxd4 24. Rxd4 Bxd4 25. Bc4 Kf8 26. Rxe6 Re8 27. Rxe8+ Kxe8 28. Bd5 Bc6 29. Bb3 a5 30. bxa5 Bxc5 31. a4 Bb4 32. a6 bxa6 33. Bc4 a5 0-1

[Event "64..ITA Provinciale VE"]
[Site "Venezia Canal ITA"]
[Date "2004.??.??"]
[Round "4"]
[White "Biagioli, Valerio"]
[Black "Zanetto, Marco"]
[Result "1/2-1/2"]
[WhiteElo "1507"]
[BlackElo "1530"]
[Annotator "Gabriele Ballarin"]
[PlyCount "148"]
[EventDate "2004.01.31"]
[EventType "swiss"]
[EventRounds "6"]
[EventCountry "ITA"]

1. d4 Nf6 2. c4 e6 3. Nc3 Bb4 4. Bd2 O-O 5. a3 Bxc3 6. Bxc3 Ne4 7. Qc2 d5 8. e3 Nd7 9. Nf3 b6 10. cxd5 exd5 11. Bd3 Bb7 12. O-O c5 13. Rad1 Qe7 14. dxc5 Qxc5 15. Bb4 Qxc2 16. Bxc2 Rfd8 17. Nd4 Rac8 18. Bxe4 dxe4 19. Nf5 Rc7 20. Bd6 Rc2 21. Be7 Re8 22. Rxd7 Bc8 23. Rxa7 Bxf5 24. Bb4 Rxb2 25. Rb7 Rc8 26. Rxb6 g6 27. h3 Bd7 28. Rd1 Ba4 29. Rd2 Rxd2 30. Bxd2 Bc2 31. Ra6 Bd3 32. Ra7 Rc2 33. Bb4 Kg7 34. Bd6 Kf6 35. a4 Rc1+ 36. Kh2 Rc2 37. Kg3 h5 38. h4 Ra2 39. a5 Kg7 40. Be5+ Kf8 41. Bf6 Ke8 42. f3 Ra4 43. Bd4 exf3 44. gxf3 Bc4 45. Kf4 Bd5 46. Ra6 Ke7 47. Ke5 Bxf3 48. e4 f6+ 49. Kd5 f5 50. Ra7+ Kd8 51. Bb6+ Kc8 52. Ra8+ Kb7 53. Ra7+ Kc8 54. Ke5 Rxe4+ 55. Kd6 Rxh4 56. a6 Ra4 57. Rc7+ Kb8 58. a7+ Ka8 59. Rg7 Be4 60. Rxg6 Kb7 61. Kc5 Kc8 62. Rh6 Bf3 63. Rf6 f4 64. Kb5 Ra2 65. Rxf4 Rb2+ 66. Kc5 Rc2+ 67. Kd4 Ba8 68. Rh4 Rc6 69. Bc5 Rh6 70. Ke5 Bf3 71. Rb4 Ra6 72. Kf4 Bb7 73. Kg3 Rg6+ 74. Kh4 Rg4+ 1/2-1/2

[Event "64..ITA Provinciale VE"]
[Site "Venezia Canal ITA"]
[Date "2004.02.07"]
[Round "4.1"]
[White "Ballarin, Gabriele"]
[Black "Zangrando, Gianpietro"]
[Result "1/2-1/2"]
[WhiteElo "1639"]
[BlackElo "1599"]
[Annotator "Gabriele Ballarin"]
[PlyCount "135"]
[EventDate "2004.01.31"]
[EventType "swiss"]
[EventRounds "6"]
[EventCountry "ITA"]
[SourceTitle "Inf 17"]

1. e4 e6 2. d4 d5 3. Nc3 Bb4 4. e5 c5 5. Bd2 Bd7 6. Nb5 Bxd2+ 7. Qxd2 Bxb5 8. Bxb5+ Nc6 9. dxc5 Nge7 10. f4 O-O 11. Nf3 Qa5 12. Qxa5 Nxa5 13. Nd4 a6 14. Bd3 Rac8 15. b4 Nac6 16. Nxc6 Nxc6 17. Rb1 a5 18. a3 axb4 19. axb4 Ra8 20. Kd2 Ra3 21. Rb2 Rfa8 22. c3 g6 23. h4 h5 24. Be2 d4 25. c4 Ra2 26. Rhb1 Nxb4 27. Kd1 Rxb2 28. Rxb2 Ra1+ 29. Kd2 Na6 30. Rb5 Ra3 31. Bf3 Rc3 32. Bxb7 Nc7 33. Rb4 Kf8 34. Ra4 Ke7 35. Bf3 Rb3 36. c6 Kd8 37. Ra7 Kc8 38. Rb7 Rc3 39. Rb4 Na6 40. Ra4 Nc7 41. c5 Rxc5 42. Rxd4 Nd5 43. Ra4 Rxc6 44. Bxd5 exd5 45. Ra5 Kd7 46. Rxd5+ Ke6 47. Rd8 Rc7 48. Rf8 Ke7 49. Ra8 Rc4 50. Ke3 Rc3+ 51. Ke4 Rc2 52. Ra7+ Ke6 53. Ra6+ Ke7 54. g3 Rg2 55. Kf3 Rb2 56. f5 gxf5 57. Rh6 Rb4 58. Rxh5 Ke6 59. Rh8 Kxe5 60. Ra8 Kf6 61. Rg8 Rb1 62. Kg2 Rb2+ 63. Kh3 Rb1 64. Kg2 Rb2+ 65. Kf3 Rb4 66. Ke3 Rb3+ 67. Kd4 Rb4+ 68. Ke3 1/2-1/2

[Event "64..ITA Provinciale VE"]
[Site "Venezia Canal ITA"]
[Date "2004.??.??"]
[Round "5"]
[White "Gomez de Ayala, Paolo"]
[Black "Tonolo, Maurizio"]
[Result "0-1"]
[WhiteElo "1665"]
[BlackElo "1670"]
[Annotator "Gabriele Ballarin"]
[PlyCount "84"]
[EventDate "2004.01.31"]
[EventType "swiss"]
[EventRounds "6"]
[EventCountry "ITA"]
[SourceTitle "Inf 22"]

1. c4 c5 2. g3 g6 3. Bg2 Bg7 4. Nc3 Nc6 5. e3 Ne5 6. d3 Nf6 7. Nge2 O-O 8. O-O d6 9. f4 Nc6 10. a3 a6 11. Rb1 a5 12. h3 h5 13. e4 e6 14. Nb5 Qe7 15. Be3 Nh7 16. d4 Rd8 17. Qc1 cxd4 18. Nbxd4 Nxd4 19. Nxd4 e5 20. Nb5 exf4 21. Bxf4 Be5 22. Qe3 Be6 23. Rfc1 Rac8 24. Bxe5 dxe5 25. c5 Rc6 26. b4 axb4 27. axb4 Ng5 28. Kh2 Ra8 29. Nc3 Rca6 30. b5 Ra3 31. c6 bxc6 32. bxc6 Bc8 33. Qd2 Ne6 34. Nd5 Qg5 35. Qxg5 Nxg5 36. Ne7+ Kf8 37. Nxc8 Rxc8 38. Rb5 Ra2 39. Kg1 f6 40. Rb7 Ne6 41. Bf1 Nd4 42. Bg2 Ne2+ 0-1

[Event "64..ITA Provinciale VE"]
[Site "Venezia Canal ITA"]
[Date "2004.??.??"]
[Round "5"]
[White "Zangrando, Gianpietro"]
[Black "Biagioli, Valerio"]
[Result "1-0"]
[WhiteElo "1599"]
[BlackElo "1507"]
[Annotator "Gabriele Ballarin"]
[PlyCount "89"]
[EventDate "2004.01.31"]
[EventType "swiss"]
[EventRounds "6"]
[EventCountry "ITA"]

1. Nf3 Nf6 2. d4 d6 3. e3 g6 4. Bd3 Bg7 5. O-O O-O 6. Re1 Nbd7 7. c3 c5 8. Nbd2 a6 9. e4 e5 10. Nc4 Qc7 11. Bg5 b5 12. Ne3 c4 13. Bc2 h6 14. Bh4 Bb7 15. Nd5 Nxd5 16. exd5 exd4 17. Nxd4 Rae8 18. Be7 Ne5 19. Bxf8 Rxf8 20. Be4 Qd7 21. Nc6 f5 22. Nxe5 Bxe5 23. Bf3 Qf7 24. Qd2 Qg7 25. Rad1 Bc8 26. Qe2 g5 27. g3 Bd7 28. Kh1 g4 29. Bg2 h5 30. f4 gxf3 31. Bxf3 Rf6 32. Rg1 Rh6 33. Rg2 Kh7 34. Rdg1 Qf7 35. Qe3 h4 36. gxh4 Rxh4 37. Qg5 Rh6 38. Re1 Bf6 39. Qf4 Be5 40. Rxe5 dxe5 41. Qxe5 Rg6 42. Bh5 Qg8 43. Bxg6+ Kh6 44. Qf4+ Kg7 45. Bxf5+ 1-0

[Event "64..ITA Provinciale VE"]
[Site "Venezia Canal ITA"]
[Date "2004.02.08"]
[Round "5.1"]
[White "Velluti, Alberto"]
[Black "Ballarin, Gabriele"]
[Result "1-0"]
[WhiteElo "1639"]
[BlackElo "1639"]
[Annotator "Gabriele Ballarin"]
[PlyCount "65"]
[EventDate "2004.01.31"]
[EventType "swiss"]
[EventRounds "6"]
[EventCountry "ITA"]
[SourceTitle "Inf 22"]

1. e4 c5 2. Nf3 e6 3. d4 cxd4 4. Nxd4 Nf6 5. Bd3 d5 6. exd5 Qxd5 7. O-O Nc6 8. Nxc6 Qxc6 9. Nc3 a6 10. Re1 Bd7 11. Bg5 Be7 12. Qe2 Rc8 13. a3 Qb6 14. Rab1 Bc6 15. Bh4 O-O 16. Ne4 Bxe4 17. Bxe4 Nxe4 18. Bxe7 Rfe8 19. Bh4 Nd6 20. Bg3 Nf5 21. Be5 f6 22. Bc3 Rc6 23. Rbd1 e5 24. Rd7 Rd8 25. Qd3 Rxd7 26. Qxd7 Nd6 27. Rd1 h6 28. h4 Ne4 29. Qd5+ Kh8 30. Qxe4 Qc7 31. h5 b5 32. Ba5 Qxa5 33. Qxc6 1-0